Narządy układu pokarmowego - nagła śmierć - Statystyki

Ogólne statystyki
  • Ten quiz został rozwiązany 182 razy
  • Średni wynik to 7 z 10
Answers on the Grid
Answers color-coded by a green-red scale on the quiz's grid according to % correct below.
Żołądek
Nerka
Mózg
Jelito grubo
Śledziona
Macica
Trzustka
Wątroba
Płuco
Pęcherz
Jelito grube
Dwunastnica
Rzepka
Przełyk
Jama ustna
Gardło
Migdałki
Odbytnica
Węzły chłonne
Nasieniowód
Mostek
Kanały półkoliste
Ślimak
Serce
 
Statystyki odpowiedzi
Odpowiedź % Poprawnych
Żołądek
100%
Jelito grubo
80%
Jelito grube
69%
Przełyk
69%
Jama ustna
64%
Wątroba
62%
Trzustka
61%
Dwunastnica
60%
Gardło
58%
Odbytnica
57%
Nie znaleziono quizów pasujących do podanych kryteriów
Rozkład punktacji
Procent ludzi z każdym wynikiem
Percentyl według liczby udzielonych odpowiedzi
Twoja historia wyników
Nie rozwiązałeś tego quizu